[Event "CZE-chT2F 1314"]
[Site "Czech Republic"]
[Date "2014.01.05"]
[Round "5.28"]
[White "Wanot, Ales"]
[Black "Jarolim, Jan"]
[Result "0-1"]
[WhiteElo "1907"]
[BlackElo "1879"]
[PlyCount "56"]
[EventDate "2013.11.03"]
[EventType "team-tourn"]
[EventRounds "11"]
[EventCountry "CZE"]
[SourceTitle "EXT 2016"]
[Source "ChessBase"]
[SourceDate "2015.10.08"]
[SourceVersion "1"]
[SourceVersionDate "2015.10.08"]
[SourceQuality "1"]
[WhiteTeam "Orlova Slavia II"]
[BlackTeam "Poruba VOKD"]
[WhiteTeamCountry "CZE"]
[BlackTeamCountry "CZE"]

1. Nf3 Nf6 2. c4 c5 3. d4 cxd4 4. Nxd4 d5 5. e3 e5 6. Nf3 Nc6 7. Be2 Bc5 8. cxd5 Nxd5 9. e4 Bb4+ 10. Bd2 Nf4 11. Bxb4 Qxd1+ 12. Bxd1 Nd3+ 13. Ke2 Ndxb4 14. Ba4 Bd7 15. Nc3 f6 16. Rhd1 0-0-0 17. Rac1 Bg4 18. Nd5 Kb8 19. Nxb4 Nxb4 20. a3 Na6 21. h3 Bh5 22. Ke3 Nc7 23. Rd2 Rxd2 24. Nxd2 Ne6 25. g4 Bg6 26. Nf3 Rd8 27. Nh4 Nf4 28. Nxg6 Rd3# 0-1

[Event "Tatry op"]
[Site "Tatranske Zruby"]
[Date "2003.09.27"]
[Round "1"]
[White "Petrik, Stanislav"]
[Black "Wanot, Ales"]
[Result "1/2-1/2"]
[WhiteElo "2276"]
[BlackElo "1988"]
[PlyCount "81"]
[EventDate "2003.09.27"]
[EventType "swiss"]
[EventRounds "9"]
[EventCountry "SVK"]
[SourceTitle "CBM 096 Extra"]
[Source "ChessBase"]
[SourceDate "2003.10.22"]
[SourceVersion "2"]
[SourceVersionDate "2003.10.20"]
[SourceQuality "1"]

1. e4 c6 2. c4 d5 3. exd5 cxd5 4. cxd5 Qxd5 5. Nc3 Qa5 6. Nf3 Nf6 7. d4 e6 8. Bb5+ Bd7 9. Bxd7+ Nbxd7 10. 0-0 Be7 11. Re1 0-0 12. d5 Bb4 13. dxe6 Bxc3 14. exf7+ Rxf7 15. bxc3 Qxc3 16. Rb1 b6 17. Rb3 Qc7 18. Ng5 Nc5 19. Nxf7 Nxb3 20. Nh6+ gxh6 21. Qxb3+ Qf7 22. Bxh6 Rc8 23. h3 Qxb3 24. axb3 Kf7 25. g4 Nd5 26. Re5 Nb4 27. Rf5+ Ke6 28. Bd2 Nc2 29. Rf4 Rd8 30. Re4+ Kd5 31. Re7 Nd4 32. Be3 Nxb3 33. Rxa7 Nd4 34. Rxh7 b5 35. Kg2 Nc2 36. Rh5+ Kc4 37. Rc5+ Kd3 38. Rxb5 Nxe3+ 39. fxe3 Kxe3 40. Kg3 Ke4 41. g5 1/2-1/2

[Event "Ostrava op-A"]
[Site "Ostrava"]
[Date "2003.05.10"]
[Round "9"]
[White "Jahn, Richard"]
[Black "Wanot, Ales"]
[Result "1/2-1/2"]
[WhiteElo "1865"]
[BlackElo "1986"]
[PlyCount "20"]
[EventDate "2003.05.03"]
[EventType "swiss"]
[EventRounds "10"]
[EventCountry "CZE"]
[SourceTitle "EXT 2006"]
[Source "ChessBase"]
[SourceDate "2005.11.24"]
[SourceVersion "1"]
[SourceVersionDate "2005.11.24"]
[SourceQuality "1"]

1. e4 c5 2. c3 d5 3. exd5 Qxd5 4. d4 Nf6 5. Nf3 Bg4 6. Be2 e6 7. h3 Bh5 8. Be3 cxd4 9. Nxd4 Bxe2 10. Qxe2 Nc6 1/2-1/2

[Event "Karvina op"]
[Site "Karvina"]
[Date "2003.??.??"]
[Round "8"]
[White "Wanot, Ales"]
[Black "Podlesny, Pavel"]
[Result "0-1"]
[WhiteElo "1986"]
[BlackElo "2202"]
[PlyCount "68"]
[EventDate "2003.07.??"]
[EventType "swiss"]
[EventRounds "9"]
[EventCountry "CZE"]
[SourceTitle "EXT 2005"]
[Source "ChessBase"]
[SourceDate "2004.11.15"]
[SourceVersion "1"]
[SourceVersionDate "2004.11.15"]
[SourceQuality "1"]

1. e4 e6 2. d4 d5 3. Nc3 Nf6 4. Bg5 Be7 5. e5 Nfd7 6. Bxe7 Qxe7 7. f4 a6 8. Nf3 c5 9. Qd2 Nc6 10. 0-0-0 b5 11. dxc5 Nxc5 12. Nd4 Bd7 13. Nxc6 Bxc6 14. Ne2 0-0 15. Nd4 Rfc8 16. Kb1 Bd7 17. Bd3 Na4 18. Rhf1 Qc5 19. Nb3 Qc7 20. Rf3 a5 21. Rh3 h6 22. g4 Nb6 23. Qe2 a4 24. Nd4 Nc4 25. g5 Nxb2 26. Kxb2 Qc3+ 27. Kb1 g6 28. Qd2 Qxd4 29. gxh6 a3 30. c3 Rxc3 31. Bf1 Qe4+ 32. Ka1 Rxh3 33. Bxh3 Rc8 34. Bg2 Qc2 0-1

[Event "Karvina op"]
[Site "Karvina"]
[Date "2002.??.??"]
[Round "8.19"]
[White "Misiuga, Andrzej"]
[Black "Wanot, Ales"]
[Result "1-0"]
[WhiteElo "2237"]
[BlackElo "1803"]
[PlyCount "33"]
[EventDate "2002.06.25"]
[EventType "swiss"]
[EventRounds "9"]
[EventCountry "CZE"]
[SourceTitle "EXT 2003"]
[Source "ChessBase"]
[SourceDate "2002.11.25"]
[SourceVersion "1"]
[SourceVersionDate "2002.11.25"]
[SourceQuality "1"]

1. d4 d5 2. c4 e6 3. Nc3 c6 4. e4 dxe4 5. Nxe4 Bb4+ 6. Bd2 Qxd4 7. Bxb4 Qxe4+ 8. Be2 Nd7 9. Nf3 c5 10. Bc3 Ngf6 11. Qd6 Qc6 12. Qxc6 bxc6 13. Nd2 0-0 14. Bf3 Rb8 15. Nb3 Ba6 16. Na5 Bb7 17. 0-0-0 1-0